| 000 | 01230nam a22003257a 4500 | ||
|---|---|---|---|
| 003 | CHAP | ||
| 005 | 20220329142024.0 | ||
| 008 | 990305d1998 mx r 00110 spa d | ||
| 010 | _a77188 | ||
| 011 | _a78160 | ||
| 035 | _a88016 | ||
| 040 | _cCHAP | ||
| 090 | _aTesis | ||
| 100 | 0 | 0 |
_aSánchez Cabrera, Eybar Rafael. _9107380 |
| 245 | 1 | 0 |
_aFactores que se relacionan con el consumo de fertilizantes químicos en Celaya e Irapuato, Guanajuato _c/por Eybar Rafael Sánchez Cabrera |
| 260 |
_aChapingo, Méx. : _bEl autor, _c1998. |
||
| 300 |
_a111 p. ; _bcuadros ; gráfs. ; anexo |
||
| 502 | _aTesis (Ing. Agr. Esp. en Economía Agrícola) -- UACH. División de Ciencias Económico Administrativas | ||
| 590 |
_aALEPH _b10 _c20130110 _lUCH01 _h1428 |
||
| 590 |
_aBATCH-UPD _b10 _c20130110 _lUCH01 _h0751 |
||
| 590 |
_aBATCH-UPD _b10 _c20130410 _lUCH01 _h0431 |
||
| 590 |
_aBATCH-UPD _b10 _c20130914 _lUCH01 _h1427 |
||
| 590 |
_aCONVERSION _b10 _c20130109 _lUCH01 _h1342 |
||
| 650 | 1 | 4 |
_aFertilizantes _xAspectos económicos _xGuanajuato. _940458 |
| 901 | _aBK | ||
| 905 | _aAlejandra Carrasco M. | ||
| 942 | _cFOLL | ||
| 949 |
_bBC _cTES _d33724000710935 _eTS2 _fc.2 _h33454 _i88016 _si |
||
| 949 |
_bBC _cTES _d880161 _eTS1 _h33453 _i88016 _sb |
||
| 999 |
_c77188 _d77188 |
||